<?xml version="1.0" encoding="UTF-8"?>
<record
    xmlns:xsi="http://www.w3.org/2001/XMLSchema-instance"
    xsi:schemaLocation="http://www.loc.gov/MARC21/slim http://www.loc.gov/standards/marcxml/schema/MARC21slim.xsd"
    xmlns="http://www.loc.gov/MARC21/slim">

  <leader>01563nam a22002537a 4500</leader>
  <controlfield tag="005">20120510163630.0</controlfield>
  <datafield tag="010" ind1=" " ind2=" ">
    <subfield code="a">B-462559-563</subfield>
  </datafield>
  <datafield tag="020" ind1=" " ind2=" ">
    <subfield code="a">9788129100269</subfield>
    <subfield code="c">95.00</subfield>
  </datafield>
  <datafield tag="035" ind1=" " ind2=" ">
    <subfield code="a">B-462559-563</subfield>
  </datafield>
  <datafield tag="037" ind1=" " ind2=" ">
    <subfield code="a">dpl</subfield>
    <subfield code="b">K. K. Pub /Ven</subfield>
  </datafield>
  <datafield tag="082" ind1=" " ind2=" ">
    <subfield code="a">891.4414</subfield>
  </datafield>
  <datafield tag="100" ind1=" " ind2=" ">
    <subfield code="a">Tagore ,Rabindernath Tagore</subfield>
    <subfield code="9">50175</subfield>
  </datafield>
  <datafield tag="245" ind1=" " ind2=" ">
    <subfield code="a">Fruit gathering /</subfield>
    <subfield code="c">by Rabindernath, Tagore</subfield>
  </datafield>
  <datafield tag="260" ind1=" " ind2=" ">
    <subfield code="a">New Delhi</subfield>
    <subfield code="b">Rupa &amp; Co </subfield>
    <subfield code="c">2003</subfield>
  </datafield>
  <datafield tag="270" ind1=" " ind2=" ">
    <subfield code="a">7/16 ansari Road Darya Ganj</subfield>
    <subfield code="b">New Delhi</subfield>
    <subfield code="e">110002</subfield>
  </datafield>
  <datafield tag="300" ind1=" " ind2=" ">
    <subfield code="a">98cm</subfield>
    <subfield code="c">16cm</subfield>
  </datafield>
  <datafield tag="942" ind1=" " ind2=" ">
    <subfield code="2">ddc</subfield>
    <subfield code="c">EN</subfield>
    <subfield code="h">891.4414</subfield>
    <subfield code="m">TAG</subfield>
  </datafield>
  <datafield tag="999" ind1=" " ind2=" ">
    <subfield code="c">66458</subfield>
    <subfield code="d">66458</subfield>
  </datafield>
  <datafield tag="952" ind1=" " ind2=" ">
    <subfield code="0">0</subfield>
    <subfield code="1">5</subfield>
    <subfield code="4">0</subfield>
    <subfield code="7">0</subfield>
    <subfield code="8">NFIC</subfield>
    <subfield code="a">L</subfield>
    <subfield code="b">L</subfield>
    <subfield code="d">2012-07-13</subfield>
    <subfield code="e">K.K.Pub/1708/26.12.2011/25/18.01.2012/15.02.2012</subfield>
    <subfield code="g">95.00</subfield>
    <subfield code="l">0</subfield>
    <subfield code="o">891.4414 TAG</subfield>
    <subfield code="p">B-462559</subfield>
    <subfield code="r">2012-07-13 00:00:00</subfield>
    <subfield code="t">1</subfield>
    <subfield code="v">95.00</subfield>
    <subfield code="y">EN</subfield>
  </datafield>
  <datafield tag="952" ind1=" " ind2=" ">
    <subfield code="0">1</subfield>
    <subfield code="1">0</subfield>
    <subfield code="4">0</subfield>
    <subfield code="7">0</subfield>
    <subfield code="8">NFIC</subfield>
    <subfield code="a">BL1</subfield>
    <subfield code="b">BL1</subfield>
    <subfield code="d">2012-07-13</subfield>
    <subfield code="e">K.K.Pub/1708/26.12.2011/25/18.01.2012/15.02.2012</subfield>
    <subfield code="g">95.00</subfield>
    <subfield code="l">1</subfield>
    <subfield code="o">891.4414 TAG</subfield>
    <subfield code="p">B-462560</subfield>
    <subfield code="r">2018-09-29 00:00:00</subfield>
    <subfield code="s">2018-09-15</subfield>
    <subfield code="t">1</subfield>
    <subfield code="v">95.00</subfield>
    <subfield code="w">2012-07-13</subfield>
    <subfield code="y">EN</subfield>
  </datafield>
  <datafield tag="952" ind1=" " ind2=" ">
    <subfield code="0">0</subfield>
    <subfield code="1">0</subfield>
    <subfield code="4">0</subfield>
    <subfield code="7">0</subfield>
    <subfield code="8">NFIC</subfield>
    <subfield code="a">ZLS</subfield>
    <subfield code="b">ZLS</subfield>
    <subfield code="d">2012-07-13</subfield>
    <subfield code="e">K.K.Pub/1708/26.12.2011/25/18.01.2012/15.02.2012</subfield>
    <subfield code="g">95.00</subfield>
    <subfield code="l">1</subfield>
    <subfield code="o">891.4414 TAG</subfield>
    <subfield code="p">B-462561</subfield>
    <subfield code="r">2021-08-06 00:00:00</subfield>
    <subfield code="s">2021-07-12</subfield>
    <subfield code="t">1</subfield>
    <subfield code="v">95.00</subfield>
    <subfield code="w">2012-07-13</subfield>
    <subfield code="y">EN</subfield>
  </datafield>
  <datafield tag="952" ind1=" " ind2=" ">
    <subfield code="0">0</subfield>
    <subfield code="1">0</subfield>
    <subfield code="4">0</subfield>
    <subfield code="7">0</subfield>
    <subfield code="8">NFIC</subfield>
    <subfield code="a">BL3</subfield>
    <subfield code="b">BL3</subfield>
    <subfield code="d">2012-07-13</subfield>
    <subfield code="e">K.K.Pub/1708/26.12.2011/25/18.01.2012/15.02.2012</subfield>
    <subfield code="g">95.00</subfield>
    <subfield code="l">0</subfield>
    <subfield code="o">891.4414 TAG</subfield>
    <subfield code="p">B-462562</subfield>
    <subfield code="r">2012-07-13 00:00:00</subfield>
    <subfield code="t">1</subfield>
    <subfield code="v">95.00</subfield>
    <subfield code="w">2012-07-13</subfield>
    <subfield code="y">EN</subfield>
  </datafield>
  <datafield tag="952" ind1=" " ind2=" ">
    <subfield code="0">0</subfield>
    <subfield code="1">3</subfield>
    <subfield code="4">0</subfield>
    <subfield code="7">0</subfield>
    <subfield code="8">NFIC</subfield>
    <subfield code="a">BL4</subfield>
    <subfield code="b">BL4</subfield>
    <subfield code="d">2012-07-13</subfield>
    <subfield code="e">K.K.Pub/1708/26.12.2011/25/18.01.2012/15.02.2012</subfield>
    <subfield code="g">95.00</subfield>
    <subfield code="l">0</subfield>
    <subfield code="o">891.4414 TAG</subfield>
    <subfield code="p">B-462563</subfield>
    <subfield code="r">2012-07-13 00:00:00</subfield>
    <subfield code="t">1</subfield>
    <subfield code="v">95.00</subfield>
    <subfield code="y">EN</subfield>
  </datafield>
</record>
